Uscir fuori : dieci anni di lotte omosessuali in Italia : 1971-1981 /
Gorde:
| Egile nagusia: | |
|---|---|
| Beste egile batzuk: | , |
| Formatua: | Liburua |
| Hizkuntza: | italiera |
| Argitaratua: |
Roma :
Teti,
2017
|
| Saila: | Historos
|
| Etiketak: |
Etiketarik gabe, Izan zaitez lehena erregistro honi etiketa jartzen!
|
MARC
| LEADER | 00000nam a22000007i 4500 | ||
|---|---|---|---|
| 001 | IT\ICCU\RAV\2061727 | ||
| 003 | ItRI | ||
| 005 | 20260220112837.0 | ||
| 008 | 170627s2017 it |||||| ||||| |||||c | ||
| 020 | |a 9788899918057 | ||
| 040 | |b ita |c GP | ||
| 041 | 7 | |a ita |2 ISO-639-2 | |
| 100 | 1 | |a Cristallo, Myriam |0 IT\ICCU\PALV\031017 | |
| 240 | 1 | 0 | |a Uscir fuori |9 Cristallo, Myriam |
| 245 | 1 | 0 | |a Uscir fuori : |b dieci anni di lotte omosessuali in Italia : 1971-1981 / |c Myriam Cristallo ; prefazione di Ivan Scalfarotto ; postfazione di Benedetto Della Vedova. |
| 260 | |a Roma : |b Teti, |c 2017 | ||
| 300 | |a 205 p. ; |c 21 cm | ||
| 700 | 1 | |a Della Vedova, Benedetto |0 IT\ICCU\RAVV\057071 |4 aft | |
| 700 | 1 | |a Scalfarotto, Ivan |0 IT\ICCU\UBOV\026768 |4 aui | |
| 830 | 0 | |a Historos |0 IT\ICCU\TO0\1369050 | |
| 942 | |2 ddc |c BK | ||
| 952 | |0 0 |1 0 |2 ddc |4 0 |6 306_760000000000000_CRI |7 1 |9 1204 |a RM |b RM |d 2024-04-10 |l 0 |o 306 760 CRI |p 762 |r 2024-04-10 17:47:24 |w 2024-04-10 |y BK | ||
| 952 | |0 0 |1 0 |2 ddc |4 0 |6 945_092000000000000_CRI_USC |7 1 |9 2634 |a GE |b GE |d 2024-12-31 |l 0 |o 945.092 CRI USC |p 1333 |r 2024-12-31 19:49:57 |w 2024-12-31 |y BK | ||
| 952 | |0 0 |1 0 |4 0 |6 DOC_306_760000000000000_CRI |7 0 |9 21825 |a BO |b BO |d 2026-01-15 |i 18756 |l 0 |o DOC 306.760 CRI |p BO18756 |r 2026-01-15 23:22:10 |w 2026-01-15 |x [Sebina 5] [1 v.] |y BK |z 1 v. | ||
| 999 | |c 1108 |d 1108 | ||